Tilastot visalle Valtioiden muotoja #2

Klikkaa tästä pelataksesi tätä visaa!

Yleistilastot

  • Tätä visaa on pelattu 924 kertaa
  • Keskiarvotulos 13 / 16

Vastaustilastot

Vastaus% Oikein
Islanti
96%
Chile
95%
Espanja
93%
Kanada
93%
Venäjä
91%
Itävalta
87%
Kreikka
84%
Turkki
84%
Vietnam
82%
Etelä-Afrikka
80%
Uusi-Seelanti
80%
Filippiinit
76%
Kuuba
72%
Libya
68%
Saudi-Arabia
60%
Afganistan
44%

Tulosjakauma

Persentiili vastausten määrän mukaan

Jokaisen tuloksen saaneiden osuus

Tuloshistoriasi

Et ole pelannut tätä visaa